Текст томруулах:    
Basic statistics for business & economics (Бичлэгийн дугаар. 146117)
000 -УДИРДЛАГА
Удирдлага 01560nam a22003137a 4500
003 - ХЯНАЛТЫН ТОО ТОДОРХОЙЛОГЧ
Код MN-UlNUM
005 - БИЧИЛТ ХИЙСЭН ОГНОО
Тухайн бичилтийг бичсэн засварласан сүүлийн огноо 20260107173454.0
008 - ЕРӨНХИЙ МЭДЭЭЛЭЛ
Ерөнхий мэдээлэл 140514s2008 maua 001 0 eng
020 ## - ISBN
ISBN 9780073521428
-- 0073521426
040 ## - БИЧЛЭГ ҮҮСГЭГЧ БАЙГУУЛЛАГА
Бичлэг үүсгэгч номын сангийн код МУИС-ийн номын сан
084 ## - ББК АНГИЛАЛ
Нэмэлт тусгалт Гарын авлага
ББК ангилал 60.6
Зохиогчийн гурван тэмдэгт L 75
Мэдлэгийн ялгаа 6 - Нийгэм
100 1# - ЗОХИОГЧ
Зохиогчийн нэр Lind, Douglas A.
245 10 - ҮНДСЭН ГАРЧИГ
Номын нэр Basic statistics for business & economics
Оролцогчдын тухай мэдээ Douglas A. Lind, William G. Marchal, Samuel A. Wathen
246 3# - ЗЭРЭГЦЭЭ ГАРЧИГ
Зэрэгцээ гарчиг Basic statistics for business and economics
250 ## - ДАХИН ХЭВЛЭЛТ
Дахин гаралтын дугаар 6th ed.
260 ## - ГАРАЛТЫН МЭДЭЭ
Хэвлэгдсэн газар Boston
Хэвлэлийн газар McGraw-Hill/Irwin
Хэвлэгдсэн он 2008
300 ## - МАТЕРИАЛЫН ТОДОРХОЙЛОЛТ
хуудасны тоо xvi, 582 p.
Бусад тоон мэдээлэл col. ill.
Хэмжээ 28 cm
Дагалдах материал 1 CD-ROM (4 3/4 in.)
500 ## - Тайлбар
Дансны дугаар БС 6072
546 ## - ХЭЛНИЙ ТУХАЙ МЭДЭЭ
Хэл Англи хэл дээр,
653 ## - Түлхүүр үг
Түлхүүр үг social sciences-statistical methods
653 ## - Түлхүүр үг
Түлхүүр үг economics-statistical methods
653 ## - Түлхүүр үг
Түлхүүр үг industrial management-statistical methods
700 1# - ХАМ ЗОХИОГЧИД
Ба бус Marchal, William G.
700 1# - ХАМ ЗОХИОГЧИД
Ба бус Wathen, Samuel Adam.
740 ## - НОМЫН ГАРЧИГ
Гарчиг What is statistics?
-- Describing data: Frequency tables, frequency distributions, and graphic presentation
-- Describing data: Numerical measures
-- Describing data: Displaying and exploring data
-- A survey of probability concepts
-- Discrete probability distributions
-- Continuous probability distributions
-- Sampling methods and the central limit theorem
-- Estimation and confidence intervals
-- One-sample tests of hypothesis
-- Two-sample tests of hypothesis
-- Analysis of variance
-- Linear regression and correlation
-- Multiple regression and correlation analysis
-- Chi-square applications
942 ## - ЭЛЕМЕНТИЙН ТӨРӨЛ
Зүйлийн төрөл Ном